000 00389nam a22001217a 4500
008 230626b xxu||||| |||| 00| 0 eng d
082 _a333.323096762
_bKNC
100 _cKenya National Commission on Human Rights
_d2006
245 _aUnjust Enrichment
_bThe Making of land Grabbing Millionaires
260 _bKenya National Commission on Human Rights
_c2006
300 _a31p
942 _2ddc
_cBK
999 _c2695
_d2695